Flags of the Allied Powers - Statistics

General Stats
  • This quiz has been taken 35 times
    27 since last reset
  • The average score is 66 of 81
Answer Stats
Picture Answer % Correct
Belgium
100%
Bulgaria
100%
Chile
100%
Colombia
100%
France
100%
Free France
100%
Iceland
100%
Lebanon
100%
Luxembourg
100%
National Liberation Army and Partisan Detachments of Yugoslavia
100%
Norway
100%
Poland
100%
Romania
100%
Soviet Union
100%
Turkey
100%
United Kingdom
100%
United States
100%
Venezuela
100%
Yugoslavia
100%
Argentina
95%
Australia
95%
Brazil
95%
Cuba
95%
Denmark
95%
Finland
95%
Honduras
95%
Korea
95%
Mexico
95%
Nepal
95%
Netherlands
95%
Provisional National Government of Hungary
95%
Qatar
95%
Saudi Arabia
95%
Transjordan
95%
Uruguay
95%
Albania
89%
China
89%
Czechoslovakia
89%
El Salvador
89%
Haiti
89%
New Zealand
89%
Panama
89%
Paraguay
89%
South Africa
89%
Syria
89%
Bahrain
84%
Bolivia
84%
Dominican Republic
84%
Guatemala
84%
India
84%
Iran
84%
Nicaragua
84%
Peru
84%
Brunei
79%
Canada
79%
Costa Rica
79%
Ecuador
79%
Ethiopia
79%
Italy
79%
Liberia
79%
Monaco
79%
San Marino
79%
Egypt
74%
Tonga
74%
Greece
68%
Iraq
68%
Kuwait
68%
Mongolia
68%
Muscat and Oman
63%
Commonwealth of the Philippines
58%
Trucial States
58%
Tuva
53%
Newfoundland
47%
Danzig
42%
Johor
42%
Sarawak
37%
Iroquois Confederacy
26%
Kedah
26%
Kelantan
16%
Perlis
16%
Terengganu
16%
No matching quizzes found
Score Distribution
Percent of People with Each Score
Percentile by Number Answered
Your Score History
You have not taken this quiz since the last reset